Punavalkoiset liput - kuvavisa - Statistics

Yleistilastot
  • Tätä visaa on pelattu 706 kertaa
  • Keskiarvotulos 14 / 17
Vastaustilastot
Kuvavisa Vastaus % Oikein
Puola
99%
Kanada
98%
Japani
97%
Sveitsi
96%
Tanska
96%
Turkki
95%
Latvia
94%
Itävalta
91%
Georgia
84%
Indonesia
80%
Qatar
79%
Monaco
78%
Tunisia
68%
Peru
67%
Singapore
67%
Bahrain
64%
Tonga
46%
Ehtoja vastaavia visoja ei löytynyt
Tulosjakauma
Jokaisen tuloksen saaneiden osuus
Persentiili vastausten määrän mukaan
Tuloshistoriasi
Et ole pelannut tätä visaa